006340000a22001450004500090001400000245010800014041001300122500004500135700002800180100002900208942001300237773004700250999001700297952017400314 aARb0413410aCanthon Cyanellus Leconte (Coleoptera: Scarabaeidae) Makes a Nest in the field with Several Brood balls0 aInglés a1 aDíaz , Alfonso9980441 aFavila , Mario E.993038 cARTICULO1 tColeopterists Bulletinh1q52-60d1996g50 c13232d13232 001040718HEMEROTECAaBogotabBogotad2006-10-26eTrujillo, DiegohFuera de circulaciónl0oAR 04134p023552r2015-03-25 00:00:00t1w2015-03-25xEntregadoyARTICULO